[Event "FIDE Women's World Teams"]
[Site "Astana KAZ"]
[Date "2013.03.06"]
[Round "4.2"]
[White "Dauletova,G"]
[Black "Bulmaga,I"]
[Result "0-1"]
[WhiteElo "2265"]
[BlackElo "2354"]
[EventDate "2013.03.03"]

1. d4 Nf6 2. Nc3 d6 3. e4 g6 4. Nge2 Bg7 5. g3 Nbd7 6. Bg2 O-O 7. O-O e5 8. h3
Re8 9. Re1 a6 10. Be3 exd4 11. Bxd4 Rb8 12. Ba7 Ra8 13. Bd4 Rb8 14. g4 h6 15.
Ng3 c5 16. Be3 Ne5 17. Qe2 b5 18. Rad1 Qe7 19. g5 hxg5 20. Bxg5 Qf8 21. Bxf6
Bxf6 22. Nd5 Bg7 23. f4 Nc4 24. c3 Bb7 25. f5 Be5 26. Qg4 Bxd5 27. Rxd5 Qg7 28.
Re2 b4 29. cxb4 Rxb4 30. b3 Nb6 31. Rd1 Nd7 32. fxg6 fxg6 33. Qf3 Rf8 34. Qg4
Nf6 35. Qe6+ Kh7 36. a3 Re8 37. Nh5 Rd4 38. Nxf6+ Bxf6 39. Qxe8 Rxd1+ 40. Bf1
Bd4+ 41. Kg2 Qf6 42. Qd7+ Kh6 0-1

[Event "FIDE Women's World Teams"]
[Site "Astana KAZ"]
[Date "2013.03.06"]
[Round "4.3"]
[White "Cosma,E"]
[Black "Saduakassova,D"]
[Result "1/2-1/2"]
[WhiteElo "2336"]
[BlackElo "2353"]
[EventDate "2013.03.03"]

1. d4 Nf6 2. Nf3 e6 3. g3 d5 4. Bg2 Be7 5. O-O O-O 6. c4 dxc4 7. Qc2 b5 8. a4 b4
9. Nbd2 Bb7 10. Nxc4 Be4 11. Qd1 Nbd7 12. a5 c5 13. Bf4 Bd5 14. Ne3 Be4 15. Nc4
Bd5 16. Ne3 Be4 17. Nc4 1/2-1/2

[Event "FIDE Women's World Teams"]
[Site "Astana KAZ"]
[Date "2013.03.06"]
[Round "4.4"]
[White "Abdumalik,Z"]
[Black "Voicu,C"]
[Result "1/2-1/2"]
[WhiteElo "2187"]
[BlackElo "2281"]
[EventDate "2013.03.03"]

1. e4 c5 2. Nf3 e6 3. d4 cxd4 4. Nxd4 a6 5. Nc3 Qc7 6. Be2 Nf6 7. O-O Be7 8. Be3
d6 9. f4 Nc6 10. Qe1 O-O 11. Qg3 Rd8 12. Bd3 Ne8 13. Rae1 Bf6 14. Nxc6 bxc6 15.
e5 Be7 16. exd6 Qxd6 17. Ne4 Qb4 18. a3 Qa5 19. b4 Qc7 20. Qf2 Rb8 21. Bd4 a5
22. Be5 Nd6 23. c3 Ra8 24. Qg3 Qa7+ 25. Nc5 Ne8 26. Bd4 Qc7 27. Kh1 axb4 28.
axb4 Ra3 29. Ra1 Rxa1 30. Rxa1 Bf6 31. Be5 Qe7 32. Ne4 Bh4 33. Qe3 h6 34. Bd4
Nf6 35. Nxf6+ Bxf6 36. Qe4 g6 37. Ra7 Bd7 38. Bc5 Qe8 39. Bb6 Ra8 40. c4 e5 41.
Rxa8 Qxa8 42. fxe5 Qa1+ 43. Bg1 Bxe5 44. Qe3 Qb2 45. Qc5 Be6 1/2-1/2

[Event "FIDE Women's World Teams"]
[Site "Astana KAZ"]
[Date "2013.03.07"]
[Round "5.1"]
[White "Nakhbayeva,G"]
[Black "Karavade,E"]
[Result "1/2-1/2"]
[WhiteElo "2344"]
[BlackElo "2387"]
[EventDate "2013.03.03"]

1. d4 d5 2. c4 e6 3. Nc3 Bb4 4. e3 Nf6 5. Nf3 O-O 6. Bd3 c5 7. O-O cxd4 8. exd4
dxc4 9. Bxc4 b6 10. Bg5 Bb7 11. Qe2 h6 12. Bh4 Be7 13. Rfe1 Nc6 14. Rad1 Nd5 15.
Bxd5 Bxh4 16. Be4 Bf6 17. d5 exd5 18. Bxd5 Qb8 19. Nb5 Ne7 20. Bb3 Qf4 21. Ne5
Bxe5 22. Qxe5 Qxe5 23. Rxe5 Ng6 24. Re3 Bc6 25. Nd6 Rad8 26. Rc3 Ne7 27. f3 Kh7
28. Re1 Bd5 29. Rxe7 Bxb3 30. axb3 Rxd6 31. Rcc7 a5 1/2-1/2

[Event "FIDE Women's World Teams"]
[Site "Astana KAZ"]
[Date "2013.03.07"]
[Round "5.2"]
[White "Padmini,R"]
[Black "Saduakassova,D"]
[Result "1-0"]
[WhiteElo "2316"]
[BlackElo "2353"]
[EventDate "2013.03.03"]

1. e4 e5 2. Nf3 Nc6 3. Bb5 a6 4. Ba4 Nge7 5. d4 exd4 6. O-O g6 7. Nxd4 Bg7 8.
Nxc6 Nxc6 9. c3 O-O 10. Be3 b5 11. Bc2 d6 12. Qc1 Qe8 13. Bh6 Bxh6 14. Qxh6 Ne5
15. Nd2 f5 16. f4 Ng4 17. Qh4 Qc6 18. Rae1 Bb7 19. Nf3 Qb6+ 20. Nd4 c5 21. Ne6
c4+ 22. Nd4 Kh8 23. exf5 gxf5 24. Re7 Nf6 25. Bxf5 1-0

[Event "FIDE Women's World Teams"]
[Site "Astana KAZ"]
[Date "2013.03.07"]
[Round "5.3"]
[White "Davletbayeva,M"]
[Black "Gomes,Mary"]
[Result "0-1"]
[WhiteElo "2272"]
[BlackElo "2387"]
[EventDate "2013.03.03"]

1. e4 e6 2. d4 d5 3. Nd2 Nf6 4. e5 Nfd7 5. Bd3 c5 6. c3 Nc6 7. Ne2 cxd4 8. cxd4
f6 9. exf6 Nxf6 10. O-O Bd6 11. Nf3 Qc7 12. Nc3 a6 13. Be3 O-O 14. Rc1 Bd7 15.
h3 Rae8 16. a3 Qb8 17. Na4 e5 18. dxe5 Nxe5 19. Nxe5 Rxe5 20. Nc5 Bxh3 21. gxh3
Rxe3 22. fxe3 Bxc5 23. Qf3 Ne4 24. Bxe4 dxe4 25. Qxe4 Qg3+ 26. Qg2 Bxe3+ 27. Kh1
Qxg2+ 28. Kxg2 Bxc1 29. Rxc1 g6 30. Kg3 Kg7 31. Rc3 Rf7 32. Re3 Kf6 33. Kf4 Rd7
34. Re4 Rd3 35. h4 h5 36. Rb4 b5 37. Ke4 Rg3 38. Kd5 Rg4 39. Rb3 Rxh4 40. Re3
Rf4 41. Re6+ Kg5 42. Rxa6 h4 43. Ke5 h3 44. Rc6 h2 45. Rc1 Rh4 46. Rh1 Kg4 0-1

[Event "FIDE Women's World Teams"]
[Site "Astana KAZ"]
[Date "2013.03.07"]
[Round "5.4"]
[White "Soumya,Sw"]
[Black "Abdumalik,Z"]
[Result "1/2-1/2"]
[WhiteElo "2283"]
[BlackElo "2187"]
[EventDate "2013.03.03"]

1. e4 c5 2. Nf3 e6 3. d4 cxd4 4. Nxd4 a6 5. Bd3 Nf6 6. O-O Qc7 7. Qe2 d6 8. c4
g6 9. Nc3 Bg7 10. Nf3 Nc6 11. Rd1 O-O 12. h3 Nd7 13. Be3 Nde5 14. Rac1 f5 15. g3
b6 16. Ne1 Nxd3 17. Qxd3 Ne5 18. Qxd6 Qxd6 19. Rxd6 Nxc4 20. Rc6 Nxe3 21. fxe3
b5 22. exf5 exf5 23. Nd3 Rb8 24. Nc5 Be5 25. Kf2 g5 26. Nxa6 Bxa6 27. Rxa6 f4
28. gxf4 gxf4 29. Rg1+ Kh8 30. Re6 Bxc3 31. bxc3 Ra8 32. exf4 1/2-1/2

[Event "FIDE Women's World Teams"]
[Site "Astana KAZ"]
[Date "2013.03.07"]
[Round "5.4"]
[White "Voicu,C"]
[Black "Sop,S"]
[Result "1-0"]
[WhiteElo "2281"]
[BlackElo "2028"]
[EventDate "2013.03.03"]

1. e4 c5 2. Nf3 d6 3. d4 cxd4 4. Nxd4 Nf6 5. Nc3 a6 6. g3 e6 7. Bg2 Be7 8. O-O
Qc7 9. f4 Nc6 10. Nxc6 bxc6 11. e5 Nd5 12. exd6 Bxd6 13. Ne4 Be7 14. c4 Nf6 15.
Be3 Nxe4 16. Bxe4 Bb7 17. f5 e5 18. Qf3 a5 19. Rad1 Rc8 20. Rd3 Ba6 21. b3 c5
22. Rfd1 Qb6 23. Rd7 Rc7 24. Rxc7 Qxc7 25. Bc6+ Kf8 26. Rd7 Qb8 27. Qd5 g5 28.
f6 1-0

[Event "FIDE Women's World Teams"]
[Site "Astana KAZ"]
[Date "2013.03.07"]
[Round "5.1"]
[White "Ju Wenjun"]
[Black "Lahno,Kateri"]
[Result "1/2-1/2"]
[WhiteElo "2505"]
[BlackElo "2547"]
[EventDate "2013.03.03"]

1. d4 Nf6 2. c4 g6 3. Nc3 d5 4. Bg5 Ne4 5. h4 Bg7 6. cxd5 Nxc3 7. bxc3 Qxd5 8.
e3 Nd7 9. Nf3 c5 10. Be2 cxd4 11. exd4 h6 12. Bf4 Qa5 13. O-O Qxc3 14. Rc1 Qa5
15. Bc4 O-O 16. Re1 Nb6 17. Bb3 Bg4 18. Rxe7 Rad8 19. Qd3 Nd5 20. Bc7 Qa3 21.
Ree1 Rc8 22. Rc5 Bf5 23. Qc4 Nxc7 24. Rxc7 Be6 25. Rxe6 Rxc7 26. Qxc7 fxe6 27.
Bxe6+ Kh7 28. h5 Qd3 29. Bb3 Qb1+ 30. Kh2 Qf5 31. hxg6+ Kh8 32. Qxb7 Qf4+ 33.
Kg1 Qc1+ 34. Kh2 Qf4+ 35. Kg1 Qc1+ 36. Kh2 1/2-1/2

[Event "FIDE Women's World Teams"]
[Site "Astana KAZ"]
[Date "2013.03.07"]
[Round "5.2"]
[White "Ushenina,A"]
[Black "Huang Qian"]
[Result "1-0"]
[WhiteElo "2477"]
[BlackElo "2476"]
[EventDate "2013.03.03"]

1. d4 Nf6 2. c4 g6 3. Nc3 Bg7 4. e4 d6 5. Nf3 O-O 6. Be2 e5 7. Be3 Na6 8. O-O c6
9. d5 Ng4 10. Bg5 f6 11. Bh4 c5 12. Ne1 h5 13. h3 Nh6 14. a3 Nf7 15. Nd3 Bd7 16.
b4 b6 17. Qb3 Bh6 18. Rab1 Bg5 19. Bg3 Qe7 20. f4 exf4 21. Nxf4 Ne5 22. Kh1 Kh7
23. Rbd1 Rf7 24. Nb5 Bxf4 25. Bxf4 Be8 26. Rf2 Rc8 27. Nc3 Nb8 28. Bg3 Nbd7 29.
b5 Rg7 30. Rdf1 g5 31. Nd1 Bg6 32. Ne3 Rf8 33. Nf5 Bxf5 34. Rxf5 h4 35. Bh2 Ng6
36. Qf3 Nde5 37. Qf2 Rgf7 38. Qe3 Kg7 39. Qc3 Ra8 40. Bh5 Rh8 41. Bxg6 Kxg6 42.
Bxe5 dxe5 43. a4 Rd8 44. a5 Rd7 45. Ra1 Qd8 46. Rf2 Rb7 47. Rfa2 Rb8 48. axb6
axb6 49. Qf3 Kg7 50. Ra7 Rbb7 51. Ra8 Rb8 52. R8a6 Qd7 53. Ra8 Qb7 54. R8a6 Qd7
55. Kg1 Qc8 56. Qh5 Qb7 57. Qg4 Qd7 58. Qh5 Rh8 59. Qf3 Rb8 60. Qc3 Kg6 61. Rf1
Qb7 62. Qa1 Qd7 63. Qd1 Kg7 64. Rf2 Qd8 65. Rfa2 Qd7 66. Qa1 Qd8 67. Ra7 Rfb7
68. Rxb7+ Rxb7 69. Ra8 Qc7 70. Qa6 Qd7 71. Kf2 f5 72. Qa1 Qe7 73. exf5 Kf6 74.
Rc8 Kxf5 75. Rc6 Ke4 76. Ke2 Ra7 77. Qb1+ Kf4 78. Qb3 g4 79. hxg4 Qh7 80. Rf6+
Kxg4 81. Kf2 Kg5 82. Rf3 Qe4 83. Qe3+ Qxe3+ 84. Kxe3 Ra4 85. Ke4 Rxc4+ 86. Kxe5
Rd4 87. d6 Rd2 88. Rf8 Kg6 89. Ke6 Kg7 90. Rf5 c4 91. Rf7+ Kg6 92. Rc7 Re2+ 93.
Kd7 Re4 94. Kc8 Re8+ 95. Kd7 Re4 96. Kd8 c3 97. Rxc3 Kf7 98. d7 1-0

[Event "FIDE Women's World Teams"]
[Site "Astana KAZ"]
[Date "2013.03.07"]
[Round "5.3"]
[White "Tan Zhongyi"]
[Black "Muzychuk,M"]
[Result "1/2-1/2"]
[WhiteElo "2471"]
[BlackElo "2479"]
[EventDate "2013.03.03"]

1. d4 Nf6 2. c4 c5 3. e3 cxd4 4. exd4 d5 5. Nc3 Nc6 6. Bg5 Be6 7. a3 Qd7 8. c5
Ne4 9. Be3 g6 10. Bd3 Bg7 11. Nxe4 dxe4 12. Bxe4 Nxd4 13. Ne2 O-O-O 14. Bxd4
Bxd4 15. c6 bxc6 16. Qc2 Bb6 17. O-O Bd5 18. Bxd5 Qxd5 19. a4 Kb7 20. Nc3 Qf5
21. Ne4 Rd4 22. Rfe1 Rhd8 23. a5 Bxa5 24. Nc5+ Kb6 25. Na4+ Kc7 26. Rxe7+ R8d7
27. Rxd7+ Rxd7 28. Qe2 Qb5 29. Qf3 Bb6 30. Nxb6 Qxb6 31. g3 f5 32. Ra3 Qd4 33.
Kg2 Rd5 34. h4 a5 35. Re3 Re5 36. Rxe5 Qxe5 37. Qa3 Qd5+ 38. Kh2 Qd2 39. Kg2 Qb4
40. Qa2 Kd6 41. Qg8 Qxb2 42. Qd8+ Ke6 43. Qg8+ Kd6 44. Qd8+ Kc5 45. Qxa5+ Kc4
46. Qc7 Qf6 47. Qxh7 c5 48. h5 gxh5 49. Qxh5 Qe5 50. g4 Qe4+ 1/2-1/2

[Event "FIDE Women's World Teams"]
[Site "Astana KAZ"]
[Date "2013.03.07"]
[Round "5.4"]
[White "Zhukova,N"]
[Black "Guo Qi"]
[Result "1-0"]
[WhiteElo "2471"]
[BlackElo "2435"]
[EventDate "2013.03.03"]

1. d4 d5 2. c4 e6 3. Nc3 Be7 4. Nf3 Nf6 5. Bg5 h6 6. Bxf6 Bxf6 7. e3 O-O 8. Qc2
c5 9. dxc5 dxc4 10. Bxc4 Qa5 11. O-O Bxc3 12. Qxc3 Qxc3 13. bxc3 Nd7 14. c6 bxc6
15. Rfd1 Nb6 16. Bf1 Bb7 17. a4 c5 18. a5 Bxf3 19. gxf3 Nd5 20. e4 Nf6 21. Rd6
Rfd8 22. Rad1 Rxd6 23. Rxd6 Rc8 24. Bb5 g5 25. Kf1 Kf8 26. Ke2 Ke7 27. Ra6 Rc7
28. Kd3 Nh5 29. Kc4 Nf4 30. Rc6 Rxc6 31. Bxc6 Kd6 32. Be8 f6 33. Kb5 Nd3 34. Ka6
Nxf2 35. Kxa7 Kc7 36. Ka6 g4 37. Bh5 f5 38. exf5 exf5 39. fxg4 f4 40. h4 Nh3 41.
Kb5 f3 42. Bf7 Nf4 43. Bc4 Ng2 44. Kxc5 Nxh4 45. Kd4 Ng6 46. Ke4 f2 47. Bf1 Kb7
48. Be2 Ne7 49. Kf3 Nd5 50. c4 Nf6 51. Kxf2 Ka6 52. Ke3 Kxa5 53. c5 Nd5+ 54. Kd4
Ne7 55. Ke5 Kb4 56. Kd6 Nc8+ 57. Kc6 Na7+ 58. Kd5 Kc3 59. Ba6 Kb4 60. c6 Ka5 61.
Bb7 Kb6 62. Ke5 Nb5 63. Kf6 Nd4 64. Kg6 Nf3 65. Kxh6 Ne5 66. g5 Nf7+ 67. Kg6
Ne5+ 68. Kf5 Nf7 69. g6 Nh6+ 70. Ke6 Kc7 71. g7 Ng8 72. Kf7 Nh6+ 73. Kf8 1-0

[Event "FIDE Women's World Teams"]
[Site "Astana KAZ"]
[Date "2013.03.07"]
[Round "5.1"]
[White "Milliet,S"]
[Black "Gunina,V"]
[Result "0-1"]
[WhiteElo "2401"]
[BlackElo "2505"]
[EventDate "2013.03.03"]

1. e4 d5 2. exd5 Qxd5 3. Nc3 Qa5 4. d4 Nf6 5. Bd2 Qb6 6. Nf3 Bg4 7. h3 Bxf3 8.
Qxf3 e6 9. O-O-O c6 10. g4 h6 11. h4 Nbd7 12. Bh3 Qxd4 13. g5 hxg5 14. hxg5 Nd5
15. Be3 Ne5 16. Qg2 Nxe3 17. fxe3 Qxe3+ 18. Kb1 Rh5 19. g6 Nxg6 20. Bxe6 Rxh1
21. Bd7+ Kd8 22. Qxh1 Kc7 23. Bf5 Ne5 24. Re1 Qf3 25. Qh2 Bd6 26. Be4 Qf6 27.
Qh3 Re8 28. a4 Bb4 29. Rf1 Qe6 30. Qg3 g6 31. Bg2 f5 32. Ne2 Qd6 33. Qb3 Ng4 34.
Bf3 Re3 35. Qf7+ Re7 36. Qb3 Nh2 37. Rh1 Bc5 38. Nc1 Be3 39. Rd1 Qe6 40. Qd3 Rd7 0-1

[Event "FIDE Women's World Teams"]
[Site "Astana KAZ"]
[Date "2013.03.07"]
[Round "5.3"]
[White "Collas,S"]
[Black "Pogonina,N"]
[Result "1/2-1/2"]
[WhiteElo "2282"]
[BlackElo "2475"]
[EventDate "2013.03.03"]

1. d4 Nf6 2. Nf3 d5 3. c4 e6 4. Nc3 Be7 5. Bg5 h6 6. Bh4 O-O 7. e3 b6 8. Be2 Bb7
9. Bxf6 Bxf6 10. cxd5 exd5 11. O-O Nd7 12. Qb3 c6 13. Rad1 Re8 14. Rfe1 Qc7 15.
Bf1 g6 16. e4 dxe4 17. Nxe4 Bg7 18. Bc4 Rf8 19. d5 cxd5 20. Bxd5 Bxd5 21. Rxd5
Nf6 22. Nxf6+ Bxf6 23. Red1 Rad8 24. Rxd8 Rxd8 25. Rxd8+ Qxd8 26. g3 Qa8 27. Kg2
g5 28. Qb4 Kg7 29. h3 h5 30. g4 a5 31. Qc4 Bxb2 32. gxh5 Bf6 33. a4 Qb7 34. h4
gxh4 35. Qg4+ Kh8 36. Qf4 Qe7 37. Qb8+ Qd8 38. Qf4 Qe7 39. Qb8+ Qd8 40. Qf4 Qe7 1/2-1/2

[Event "FIDE Women's World Teams"]
[Site "Astana KAZ"]
[Date "2013.03.07"]
[Round "5.4"]
[White "Girya,O"]
[Black "Benmesbah,N"]
[Result "1-0"]
[WhiteElo "2440"]
[BlackElo "2266"]
[EventDate "2013.03.03"]

1. d4 Nf6 2. c4 c5 3. d5 e6 4. Nc3 exd5 5. cxd5 d6 6. Nf3 g6 7. Nd2 Bg7 8. e4
O-O 9. Be2 Re8 10. O-O Nbd7 11. a4 a6 12. Qc2 Ne5 13. a5 Bg4 14. f4 Bxe2 15.
fxe5 Bxf1 16. exf6 Bxg2 17. fxg7 Bh3 18. Nf3 Qd7 19. Qf2 Qg4+ 20. Qg3 Qxg3+ 21.
hxg3 f6 22. Ra3 g5 23. Rb3 Re7 24. Rb6 Bg4 25. Nh2 Bh5 26. Rxd6 Kxg7 27. Be3 Rc8
28. Nf1 Bg6 29. Nd2 h5 30. Rb6 h4 31. gxh4 gxh4 32. d6 Rd7 33. Nb3 Rc6 34. Rxc6
bxc6 35. Bf4 Kf7 36. Nxc5 Rd8 37. Nxa6 Ra8 38. d7 Ke7 39. Nc5 Kd8 40. N3a4 Ra7
41. Nb6 1-0

[Event "FIDE Women's World Teams"]
[Site "Astana KAZ"]
[Date "2013.03.07"]
[Round "5.2"]
[White "Krush,I"]
[Black "Javakhishvili,L"]
[Result "1/2-1/2"]
[WhiteElo "2448"]
[BlackElo "2464"]
[EventDate "2013.03.03"]

1. Nf3 Nf6 2. c4 e6 3. Nc3 Bb4 4. Qc2 O-O 5. a3 Bxc3 6. Qxc3 b6 7. g3 Bb7 8. Bg2
d5 9. cxd5 Nxd5 10. Qc2 c5 11. b3 Nc6 12. Bb2 e5 13. O-O Re8 14. d3 Nd4 15. Qd1
Nf6 16. e4 Nxf3+ 17. Bxf3 Qd6 18. Be2 Rad8 19. Qc2 a5 20. Rad1 Nd7 21. f4 f6 22.
Qc4+ Kh8 23. Bg4 Bc8 24. Bxd7 Bxd7 25. fxe5 fxe5 26. h4 Qg6 27. Qc2 Qxg3+ 28.
Qg2 Qxg2+ 29. Kxg2 Be6 30. b4 axb4 31. axb4 cxb4 32. Rd2 Bc4 33. Rf3 Kg8 34. Kf2
Rd7 35. Ke3 Bf7 36. Rf5 Rde7 37. Rc2 Bg6 38. Rg5 Re6 39. Rc4 h6 40. Rg2 b3 41.
Rb4 Kh7 42. Rxb3 R8e7 43. Ba3 Rf7 44. Rb5 Bh5 45. Bb2 Rfe7 46. Rd5 Be8 47. Rc2
Kg6 1/2-1/2

[Event "FIDE Women's World Teams"]
[Site "Astana KAZ"]
[Date "2013.03.07"]
[Round "5.3"]
[White "Khurtsidze,N"]
[Black "Abrahamyan,T"]
[Result "1-0"]
[WhiteElo "2437"]
[BlackElo "2300"]
[EventDate "2013.03.03"]

1. d4 Nf6 2. Nf3 g6 3. c4 Bg7 4. g3 O-O 5. Bg2 d6 6. O-O Nc6 7. Nc3 Bf5 8. b3
Ne4 9. Nd5 e6 10. Ne3 Nc3 11. Qd2 Ne4 12. Qb2 h5 13. Rd1 a5 14. a3 Ne7 15. h3
Nf6 16. Nxf5 exf5 17. Qc2 Ne4 18. Ng5 Nxg5 19. Bxg5 c6 20. e4 fxe4 21. Qxe4 f6
22. Bf4 Kh7 23. Re1 Re8 24. Rad1 a4 25. bxa4 d5 26. Qe6 dxc4 27. Qxc4 Nd5 28.
Rxe8 Qxe8 29. Bxd5 cxd5 30. Qxd5 Qxa4 31. Rb1 Qxa3 32. Rxb7 Rg8 33. h4 Qd3 34.
Be3 Qd1+ 35. Kh2 Qe2 36. Qf7 Qf3 37. d5 g5 38. hxg5 h4 39. gxh4 Qg4 40. Rb4 1-0

[Event "FIDE Women's World Teams"]
[Site "Astana KAZ"]
[Date "2013.03.07"]
[Round "5.4"]
[White "Ni,V"]
[Black "Melia,S"]
[Result "0-1"]
[WhiteElo "2263"]
[BlackElo "2419"]
[EventDate "2013.03.03"]

1. d4 Nf6 2. Nf3 e6 3. c4 b6 4. a3 Bb7 5. Nc3 g6 6. g3 Bg7 7. Bg2 O-O 8. d5 exd5
9. cxd5 c6 10. Nd4 c5 11. Ndb5 d6 12. Bf4 Ne8 13. Ne4 Bxb2 14. Nbxd6 Nxd6 15.
Bxd6 Re8 16. Bf4 Bxd5 17. Rb1 Bxe4 18. Bxe4 Bc3+ 19. Kf1 Qxd1+ 20. Rxd1 Rxe4 21.
Rd8+ Kg7 22. Bxb8 Bf6 23. Rc8 Re7 24. g4 Rb7 25. g5 Raxb8 26. gxf6+ Kxf6 27.
Rc6+ Ke7 28. Kg2 Rd8 29. a4 Rd5 30. Rb1 Rg5+ 31. Kf1 Rf5 32. Rc8 Rd5 33. a5 Kd7
34. Rf8 Kc6 35. e4 Rd4 36. Rc8+ Rc7 37. Rb8 Rb4 0-1

[Event "FIDE Women's World Teams"]
[Site "Astana KAZ"]
[Date "2013.03.09"]
[Round "6.2"]
[White "Krush,I"]
[Black "Mohota,N"]
[Result "1-0"]
[WhiteElo "2448"]
[BlackElo "2325"]
[EventDate "2013.03.03"]

1. Nf3 Nf6 2. c4 g6 3. Nc3 Bg7 4. e4 d6 5. d4 O-O 6. Be2 e5 7. O-O exd4 8. Nxd4
Re8 9. f3 c6 10. Bf4 Nh5 11. Be3 Nd7 12. Qd2 Nc5 13. Rad1 Qe7 14. g4 Nf6 15. Nc2
Bf8 16. b4 Ne6 17. g5 Nd7 18. f4 f6 19. h4 Bg7 20. f5 Nef8 21. Bf4 Ne5 22. Ne3
Nf7 23. Bxd6 Nxd6 24. Qxd6 gxf5 25. Qxe7 Rxe7 26. Rd8 fxg5 27. Nxf5 Bxf5 28.
Rxa8 Bxe4 29. hxg5 Bg6 30. Rf4 Re3 31. Bg4 Rg3+ 32. Kf2 Rxg4 33. Raxf8+ Bxf8 34.
Rxg4 Bxb4 35. Ne4 Kg7 36. Ke3 Ba3 37. Rg1 b5 38. c5 Bxe4 39. Kxe4 Kg6 40. Kd4
Bb2+ 41. Ke4 Ba3 42. Rh1 Bxc5 43. Kf4 Bf8 44. Re1 h6 45. Re6+ Kf7 46. Rxc6 hxg5+
47. Kxg5 Ke7 48. Ra6 Kd7 49. Rxa7+ Kc6 50. Kf5 Kd5 51. Rc7 Bc5 52. Rc8 b4 53.
Kf4 Kd4 54. Kf3 Kd5 55. Ke2 Kd4 56. Kd2 Kc4 57. Kc2 Kb5 58. Kb3 Bd6 59. Rh8 Kc6
60. Kc4 Kb6 61. Rh6 Kc7 62. Kd5 Bf4 63. Re6 Kb7 64. Kc5 Bd2 65. Re7+ Ka6 66. Kc6
Bc1 67. Re8 Ka7 68. Kb5 Bd2 69. Re7+ Kb8 70. Kb6 Kc8 71. Kc6 Kb8 72. Rb7+ Kc8
73. Rb5 Bc3 74. Rb7 Bd2 75. Rb6 Be1 76. Rb5 Bc3 77. Rd5 Kb8 78. Kb6 Kc8 79. Rc5+
Kd7 80. Kb5 Be1 81. Re5 Bc3 82. Rd5+ Ke6 83. Rd3 Ke5 84. a3 Ke4 85. Rh3 Kd5 86.
axb4 Bg7 87. Rd3+ Ke4 88. Rd7 Bf8 89. Kc4 Ke5 90. b5 Ke6 91. Rd1 Bd6 92. b6 Bf4
93. Kb5 Ke7 94. Kc6 Bg3 95. Rg1 1-0

[Event "FIDE Women's World Teams"]
[Site "Astana KAZ"]
[Date "2013.03.09"]
[Round "6.3"]
[White "Gomes,Mary"]
[Black "Abrahamyan,T"]
[Result "1-0"]
[WhiteElo "2387"]
[BlackElo "2300"]
[EventDate "2013.03.03"]

1. Nf3 Nf6 2. g3 g6 3. b3 Bg7 4. Bb2 d6 5. d4 O-O 6. Bg2 e5 7. dxe5 Nfd7 8. O-O
dxe5 9. e4 Nc6 10. Ba3 Re8 11. c3 Nf8 12. Qc2 f5 13. Nbd2 Be6 14. Rad1 Qf6 15.
Ne1 f4 16. Nd3 Rad8 17. Bb2 g5 18. b4 Ng6 19. b5 Nb8 20. c4 h5 21. f3 fxg3 22.
hxg3 h4 23. f4 gxf4 24. Nxf4 hxg3 25. Nxe6 Qxe6 26. Rf3 Nf4 27. Nf1 Rxd1 28.
Qxd1 Qxc4 29. Nxg3 Qxb5 30. Bc1 Nc6 31. Bf1 Qc5+ 32. Be3 Qd6 33. Qb3+ Kh7 34.
Nf5 Qe6 35. Bc4 Qd7 36. Bxf4 exf4 37. Bf7 Bh6 38. Rh3 1-0

[Event "FIDE Women's World Teams"]
[Site "Astana KAZ"]
[Date "2013.03.09"]
[Round "6.4"]
[White "Foisor,S"]
[Black "Soumya,Sw"]
[Result "1/2-1/2"]
[WhiteElo "2323"]
[BlackElo "2283"]
[EventDate "2013.03.03"]

1. d4 Nf6 2. c4 g6 3. Nc3 d5 4. cxd5 Nxd5 5. Bd2 Nb6 6. Bg5 Bg7 7. e3 c5 8. dxc5
Bxc3+ 9. bxc3 Qxd1+ 10. Rxd1 N6d7 11. Bb5 a6 12. Ba4 Nc6 13. Nf3 Nxc5 14. Bc2
Be6 15. a3 f6 16. Bh6 Bc4 17. e4 Rd8 18. Rxd8+ Kxd8 19. Be3 Nd7 20. Nd2 Bf7 21.
f4 Na5 22. Kf2 Kc7 23. Rb1 Rc8 24. Bd3 Kd8 25. c4 Nxc4 26. Bxc4 Bxc4 27. Rxb7
Bb5 28. Ra7 Nc5 29. Bxc5 Rxc5 30. a4 Bxa4 31. Rxa6 Bc6 32. Ke3 Bb7 33. Ra7 Kc8
34. Kd4 Rc2 35. Kd3 Rc7 36. Ra3 Kd7 37. g3 e5 38. fxe5 fxe5 39. Ra5 Rc1 40. Rxe5
Rh1 41. Nf3 Ra1 42. Ke3 Ra3+ 43. Kf4 Ra2 44. Rb5 Ba8 45. Rb3 Ra4 46. Rd3+ Ke7
47. Rd4 Ra2 48. h4 Ra5 49. Rc4 Ra7 50. Ng5 h6 51. Nf3 Kf6 52. g4 Ra6 53. g5+
hxg5+ 54. Nxg5 Ra7 55. Rc8 Kg7 56. e5 Ra4+ 57. Ke3 Bd5 58. Rd8 Bg8 59. Rd4 Rxd4
60. Kxd4 Kh6 61. Ne4 Ba2 62. Nf6 g5 63. h5 Bf7 64. Ke4 Be6 65. Kf3 Bf7 66. Ke4
Be6 67. Kd4 g4 68. Ke3 Kg5 69. Ke4 Bf5+ 70. Ke3 Be6 71. Kf2 Bf7 72. Nxg4 Kxh5
73. Kf3 Kg5 74. Ne3 Bg6 75. Kg3 Be4 76. Nc4 Kf5 77. Nd6+ Kxe5 1/2-1/2

[Event "FIDE Women's World Teams"]
[Site "Astana KAZ"]
[Date "2013.03.09"]
[Round "6.1"]
[White "Gunina,V"]
[Black "Dzagnidze,N"]
[Result "0-1"]
[WhiteElo "2505"]
[BlackElo "2554"]
[EventDate "2013.03.03"]

1. d4 Nf6 2. c4 e6 3. Nf3 b6 4. g3 Ba6 5. b3 Bb4+ 6. Bd2 Be7 7. Bg2 c6 8. O-O d5
9. Bc3 O-O 10. Nbd2 Nbd7 11. Re1 Bb7 12. e4 Nxe4 13. Nxe4 dxe4 14. Rxe4 c5 15.
Re1 Bf6 16. Qc2 Bxf3 17. Bxf3 Rc8 18. d5 exd5 19. Bxd5 Bxc3 20. Qxc3 Re8 21.
Rad1 Qc7 22. Rxe8+ Rxe8 23. Kg2 Nf6 24. Bf3 Kf8 25. Qd3 g6 26. h4 Qe5 27. a4 Kg7
28. Qd2 Re7 29. a5 h6 30. a6 Re8 31. Qc1 Qc7 32. Rd3 Rd8 33. Rxd8 Qxd8 34. Qf4
Qc8 35. Qe5 h5 36. Bb7 Qd8 37. Qf4 Ng4 38. Bf3 Nf6 39. Qe5 Kg8 40. Qg5 Qd4 41.
Qc1 Kg7 42. Qe1 Kf8 43. Qe2 Nd7 44. Bb7 Ne5 45. Bd5 Kg7 46. Be4 Kf8 47. Bc2 Kg7
48. Qe4 Qxe4+ 49. Bxe4 Kf6 50. f3 Ke7 51. Kf2 f5 52. Bd5 Nd3+ 53. Ke3 Nb4 54.
Bb7 Nc2+ 55. Kd3 Nd4 56. b4 Kd6 57. b5 f4 58. g4 Ke5 59. Be4 g5 60. gxh5 gxh4
61. h6 Kf6 62. Bb7 h3 0-1

[Event "FIDE Women's World Teams"]
[Site "Astana KAZ"]
[Date "2013.03.09"]
[Round "6.3"]
[White "Galliamova,A"]
[Black "Javakhishvili,L"]
[Result "1-0"]
[WhiteElo "2459"]
[BlackElo "2464"]
[EventDate "2013.03.03"]

1. d4 Nf6 2. c4 e6 3. Nf3 b6 4. a3 Bb7 5. Nc3 d5 6. Bf4 Bd6 7. Bg3 O-O 8. e3 a6
9. cxd5 exd5 10. Bd3 Qe7 11. Bh4 Nbd7 12. Bf5 Rfd8 13. Qa4 Nf8 14. O-O Ng6 15.
Bxg6 hxg6 16. b4 Qe6 17. Ne2 Re8 18. Rac1 Ne4 19. Rc2 f6 20. Rfc1 g5 21. Bg3
Nxg3 22. Nxg3 Re7 23. Qb3 g6 24. a4 Kg7 25. a5 Qd7 26. Qc3 Rh8 27. Nf1 Qg4 28.
N3d2 Qh5 29. g3 Qh3 30. b5 axb5 31. axb6 cxb6 32. Qb3 Qd7 33. Nf3 Ra8 34. Ra2
Rxa2 35. Qxa2 b4 36. Ne1 Qb5 37. Rb1 Rc7 38. Qb2 Qc4 39. Nd2 Qc3 40. Qa2 Qa3 41.
Qb3 Qxb3 42. Nxb3 Ba6 43. Nc1 Rc3 44. Na2 Ra3 45. Nxb4 Bxb4 46. Nc2 Bd3 47. Nxa3
Bxb1 48. Nxb1 f5 49. h3 Kf6 50. g4 Ke6 51. Kf1 Kd6 52. Ke2 Kc6 53. Kd3 Kb5 54.
Nc3+ Bxc3 55. Kxc3 Ka4 56. Kb2 Kb4 57. f4 gxf4 58. exf4 Kc4 59. gxf5 gxf5 60. h4
Kxd4 61. h5 Ke3 62. h6 1-0

[Event "FIDE Women's World Teams"]
[Site "Astana KAZ"]
[Date "2013.03.09"]
[Round "6.4"]
[White "Melia,S"]
[Black "Girya,O"]
[Result "0-1"]
[WhiteElo "2419"]
[BlackElo "2440"]
[EventDate "2013.03.03"]

1. e4 c6 2. d4 d5 3. Nc3 dxe4 4. Nxe4 Bf5 5. Ng3 Bg6 6. Nh3 Nf6 7. c3 Nbd7 8.
Nf4 e5 9. Nxg6 hxg6 10. dxe5 Nxe5 11. Qxd8+ Rxd8 12. Be3 Ned7 13. O-O-O Bc5 14.
Bxc5 Nxc5 15. Rxd8+ Kxd8 16. h3 Ke7 17. Bc4 Rh4 18. Re1+ Kf8 19. Bf1 Rf4 20. f3
Nd5 21. Kd2 Ra4 22. a3 Rf4 23. b4 Ne6 24. Ne4 Nf6 25. Nd6 b5 26. Nb7 Ke7 27. Nc5
Kd6 28. Nd3 Rf5 29. a4 bxa4 30. Nb2 c5 31. b5 Rf4 32. Ra1 Nd7 33. Nc4+ Kc7 34.
Rxa4 Kb8 35. Ra6 Nc7 36. Rd6 Kc8 37. Na5 Ra4 38. Nc6 Ne8 39. Rd3 Kc7 40. Re3
Ra2+ 41. Ke1 Nef6 42. Bc4 Ra1+ 43. Kf2 a6 44. Bxf7 axb5 45. Ne7 Nb6 46. Nxg6
Nbd5 47. Re5 Kc6 48. Re6+ Kb7 49. Re5 Nxc3 50. Nf4 Rc1 51. g4 g5 52. Ne6 Rc2+
53. Kf1 Rc1+ 54. Kg2 Ncd5 55. Nd8+ Kc7 56. Bxd5 Kxd8 57. Rxg5 b4 58. Be6 Ke7 59.
Re5 Kd6 60. Re2 c4 61. Bf7 Nd7 62. f4 b3 63. Kf3 Rc3+ 64. Kg2 Rc2 65. Kf3 b2 66.
Rxc2 b1=Q 67. Rd2+ Ke7 68. Bxc4 Qh1+ 69. Rg2 Qxh3+ 70. Rg3 Qh1+ 71. Kf2 Qh2+ 72.
Kf3 Qd2 73. Be2 Nf6 74. Rg1 Nd5 75. Ba6 Qe3+ 76. Kg2 Nxf4+ 77. Kf1 Qc1+ 78. Kf2
Nh3+ 0-1